000 01147nam a2200253 a 4500
001 44241
003 BD-RjUL
005 20211209053824.0
008 160716s2003 bg ||||| |||| 00| 0 ben d
020 _c: Tk.250.00
035 _a(BD-RjUL)44359
040 _aBD-RjUL
_bben
_cBD-RjUL
_dBD-RjUL
041 _aben
082 _223
_a346.02095492
_bROR 2003
100 _aরহমান, গাজী শামছুর
_9122657
245 1 0 _aরেজিস্ট্রেশন আইনের ভাষ্য : [Commentary on the law of Registration] /
_cগাজী শামছুর রহমান
260 _aঢাকা :
_bকামরুল বুক হাউস,
_c২০০৩.
300 _a৪০৪ পৃ. ;
_c২৩ সেমি.
500 _a(১৯০৮ সালের ১৬ নং আইন) (সর্বশেষ সংশোধনী বিশ্লেষন ও সিদ্ধান্তসমূহ)
650 _aআইন এবং নিয়মকানুন
_9135849
650 _aLaws and Regulations
_9135850
_zBangladesh
651 _aBangladesh
_xRegistration Act, 1908.
_9136905
942 _2ddc
_cBK
999 _c44241
_d44241